Weapons by Picture - Statistics

General Stats
  • This quiz has been taken 21,227 times
  • The average score is 10 of 15
Answer Stats
Picture Answer % Correct
Grenade
99%
Trident
89%
Bazooka
85%
Flamethrower
84%
Nunchucks
82%
Throwing Star
81%
Bayonet
77%
Brass Knuckles
73%
Sling
61%
Mortar
60%
Claymore Mine
56%
Mace
56%
Scimitar
43%
Pike
42%
Pollaxe
36%
No matching quizzes found
Score Distribution
Percent of People with Each Score
Percentile by Number Answered
Your Score History
You have not taken this quiz